Responses for Show #2910 - Friday, April 4, 1997

Contestants

[<< previous game]

Niki Bates, an attorney from Dana Point, California

Joe Sill, a graduate student originally from Germantown, Maryland

Steve Cook, a medical student from San Mateo, California (whose 1-day cash winnings total $12,001)

[next game >>]

Jeopardy! Round responses

1990s FASHION
AMERICAN HISTORY
SCI-FI SIRENS
COMPANY TOWNS
EAGLE HODGEPODGE
NICKNAMES
    $100 26
Red

Niki
    $100 1
George Washington

Steve
    $100 16
The Terminator

Steve
    $100 21
(N: What is Grand Rapids?)

Battle Creek, Michigan

SteveNiki
    $100 11
Bald eagle

Steve
    $100 6
Jimmy Durante

Steve
    $200 27
The Gap

Joe
    $200 2
Texas

Steve
    $200 17
Jane Fonda

Steve
    $200 22
CIA (Central Intelligence Agency)

Steve
    $200 12
Eaglets

Steve
    $200 7
Johannes Gutenburg

Joe
    $300 28
X (for Malcolm X)

Joe
    $300 3
John Paul Jones

Steve
    $1,000 18
Xena

Steve
    $300 23
Tyson Foods

Triple Stumper
    $300 13
Spreadeagle

Joe
    $300 8
William Henry Harrison

Niki
    $400 29
Fur

Steve
    $400 4
Missouri

Steve
    $400 19
Babylon 5

Joe
    $400 24
Nike

Joe
    $400 14
Aeries

Steve
    $400 9
Vidkun Quisling

Steve
    $500 30
babydolls

Steve
    $500 5
Alien & Sedition Acts

Niki
    $500 20
Species

Triple Stumper
    $500 25
Saturn

Steve
    $500 15
Ski jumping

Steve
    $500 10
Douglas MacArthur

Triple Stumper

Scores at the first commercial break (after clue 15):

Steve Joe Niki
$2,700 $500 $800

Scores at the end of the Jeopardy! Round:

Steve Joe Niki
$5,700 $1,800 $800

Double Jeopardy! Round responses

EUROPEOPLE
MEDICINE
WORD ORIGINS
BODIES OF WATER
CHILDREN'S LIT
SONGS FROM MUSICALS
(Alex: We'll give you the song, you give us the show)
    $200 12
Cardinal

Joe
    $200 11
arthritis

Niki
    $200 15
Yam

Steve
    $200 3
Volga

Joe
    $200 1
Black Beauty

Niki
    $200 26
A Chorus Line

Joe
    $400 13
Ivana Trump

Steve
    $400 14
Bladder

Niki
    $400 21
Fantabulous

Steve
    $400 4
Red Sea

Niki
    $400 2
Roald Dahl

Joe
    $400 30
West Side Story

Joe
    $600 19
(J: Who is Ferrer?)

Jose Carreras

SteveJoe
    $600 16
Anemia

Steve
    $1,000 22
Condor

Steve
    $600 6
Lake Victoria

Steve
    $600 5
(N: Who is "Louise the Spy?")

Harriet the Spy

SteveNiki
    $600 28
Show Boat

Triple Stumper
    $800 20
(Niki: Who is Major?)
[NOTE: Niki had $800 added to her total, even though her response was ruled incorrect, and the mistake was never caught or corrected, so she wound up with "$5,000" going into Final Jeopardy!, when it should have been only $3,400.]

Tony Blair

Niki
    $800 17
Tongue

Steve
    $800 24
Paramecium

Joe
    $2,000 7
(S: What is Hudson's Bay?)

Baffin Bay

Steve
    $800 9
James M. Barrie

Niki
    $800 27
Sunset Boulevard

Triple Stumper
    $1000 23
Jean-Luc Godard

Niki
    $1000 18
(Alex: Doesn't it feel like you've just had to take another set of medical exams?)

Scarlet fever

Steve
    $1000 25
Ragamuffin

Steve
    $1000 8
Gulf of Mexico

Niki
    $1000 10
Beverly Cleary

Steve
    $1000 29
Hair

Joe

Scores at the end of the Double Jeopardy! Round:

Steve Joe Niki
$11,900 $4,400 $5,000
(lock game)

[wagering suggestions for these scores]

Final Jeopardy! Round responses

ARTISTS
JoeWho is Rodin?
$601
NikiWho is Rodin?
$3,801
SteveWho is Rodin?
$1,899
Auguste Rodin ("The Burghers of Calais")

Final scores:

Steve Joe Niki
$13,799 $5,001 $8,801
2-day champion: $25,800 3rd place: Daewoo Electronics TV & VCR 2nd place: Costa Cruises 7-Night Caribbean Cruise

Game dynamics:

Coryat scores:

Steve Joe Niki
$12,800 $4,400 $5,000
30 R
(including 2 DDs),
1 W
(including 1 DD)
13 R,
1 W
11 R,
2 W

Combined Coryat: $22,200

[game clues] [game scores] [suggest correction]

Game tape date: 1996-12-12
The J! Archive is created by fans, for fans. Scraping, republication, monetization, and malicious use prohibited; this site may use cookies and collect identifying information. See terms. The Jeopardy! game show and all elements thereof, including but not limited to copyright and trademark thereto, are the property of Jeopardy Productions, Inc. and are protected under law. This website is not affiliated with, sponsored by, or operated by Jeopardy Productions, Inc. Join the discussion at JBoard.tv.